|
|
|
|
| LEADER |
00000nab a2200000ua 4500 |
| 001 |
vtls010794558 |
| 003 |
SK-MaSNL |
| 005 |
20260303135110.0 |
| 008 |
230218s1980 xo |||||||||||||||||cze| |
| 035 |
|
|
|a (urnnbn)urn:nbn:sk:snk:ar-a02mg1
|
| 035 |
|
|
|a (uuid)ffeecd12-7b51-4218-918c-0a2209390de3
|
| 035 |
|
|
|a urn:nbn:sk:snk-ab4mrn
|
| 040 |
|
|
|a SNKBUCL
|b slo
|c SNKBUCL
|e AACR2
|
| 041 |
0 |
|
|a cze
|
| 044 |
|
|
|a xo
|c SK
|
| 100 |
1 |
|
|a Kindlová, Danuše
|4 aut
|9 1156220
|
| 245 |
1 |
0 |
|a Rozvoj iniciativy pracujících v zemědělství
|c Danuše Kindlová
|
| 773 |
0 |
|
|t Ekonomika poľnohospodárstva
|g Roč. 19, č. 5 (1980), s. 195-197
|
| 954 |
|
|
|a odborná, vedecká literatúra cudzojazyčná (svetová)
|2 lita
|
| 958 |
|
|
|a OND
|
| 958 |
|
|
|a EUIPO
|
| 958 |
|
|
|a article3
|
| 999 |
|
|
|c 1963576
|d 1965506
|